Pathobiology of marine and estuarine organisms
Wedi'i Gadw mewn:
| Prif Awdur: | |
|---|---|
| Fformat: | Llyfr |
| Iaith: | Undetermined |
| Cyhoeddwyd: |
The united states
1993
|
| Pynciau: | |
| Tagiau: |
Ychwanegu Tag
Dim Tagiau, Byddwch y cyntaf i dagio'r cofnod hwn!
|
| Thư viện lưu trữ: | Trung tâm Học liệu Trường Đại học Cần Thơ |
|---|
| LEADER | 00572nam a2200193Ia 4500 | ||
|---|---|---|---|
| 001 | CTU_38889 | ||
| 008 | 210402s9999 xx 000 0 und d | ||
| 082 | |a 591.52636 | ||
| 082 | |b C853 | ||
| 100 | |a Couch, John A | ||
| 245 | 0 | |a Pathobiology of marine and estuarine organisms | |
| 245 | 0 | |c John A Couch, John W Fournie | |
| 260 | |a The united states | ||
| 260 | |c 1993 | ||
| 650 | |a Estuarine fauna,Marine fishes | ||
| 650 | |x Diseases,Diseases,Congresses | ||
| 650 | |y Congresses | ||
| 904 | |i Thanh, 991106 | ||
| 980 | |a Trung tâm Học liệu Trường Đại học Cần Thơ | ||